16 Längste Autobahnen in Deutschland - Statistiken

Allgemein
  • Dieses Quiz wurde 98 mal gespielt
  • Das Durchschnittsergebnis liegt bei 14 aus 16
Antwortstatistiken
Start - Ziel Länge in Kilometern Autobahn % Korrekt
Heiligenhafen - Saarbrücken 749 km A1
100%
Oberhausen - Werder 473 km A2
100%
Elten - Passau 769 km A3
100%
Aachen - Görlitz 538 km A4
100%
Handewitt - Füssen 962 km A7
100%
Potsdam - München 530 km A9
100%
Saarbrücken - Weidhaus 484 km A6
98%
Perl - Bad Reichenhall 505 km A8
98%
Hattenbacher Dreieck - Weil am Rhein 440 km A5
94%
Wismar - Nossen 318 km A14
72%
Aachen - Waldkappel 275 km A44
71%
Bad Segeberg - Uckermark 345 km A20
70%
Dortmund - Mainhausen 257 km A45
66%
Würzburg - Gottmardingen 276 km A81
64%
Viersen - Hockenheim 320 km A61
61%
Hof - Kiefersfelden 268 km A93
59%
Keine übereinstimmenden Quizze gefunden
Verteilung der Resultate
Anzahl Personen mit jedem Resultat
Perzentil nach korrekt beantworteten Fragen
Ihre Resultats-Entwicklung
Sie haben dieses Quiz noch nicht gespielt